000
00253nam a2200109Ia 4500
008
230907s9999||||xx |||||||||||||| ||und||
082
_a
620.106
_b
MUN
245
0
_a
Munson's fluid mechanics /
260
_a
Wiley,
_c
2017
300
_a
678 p.
942
_c
BK
999
_c
600037
_d
600037